Finish My Sentence - Statistics

General Stats
  • This quiz has been taken 30 times
  • The average score is 8 of 15
Answer Stats
Hint Answer % Correct
Like PB & _ J
96%
Romeo and ______ Juliet
85%
Houston, we have a _______ problem
85%
Make America Great _____ Again
81%
Wheels on the ___ go round and round! bus
73%
Just __ __ Do It
62%
That's just the tip of the _______ iceberg
62%
It's Five O'clock _________ somewhere
54%
Jeep Grand _________ Cherokee
46%
Avocados from ______ Mexico
38%
Its almost like we finish each other's __________ sandwiches
35%
Good ___! Boy
23%
"For God so loved the world that he gave his one and only Son, that whoever believes in him shall not perish but have _______ ____." eternal life
23%
"Chicken ______!" Jockey
23%
L____!!!!!!!!!!!!!!!!!!!!!!!!!!!!!!!!!! ebron
4%
No matching quizzes found
Score Distribution
Percent of People with Each Score
Percentile by Number Answered
Your Score History
You have not taken this quiz